Demian: historia de la juventud de Emil Sinclair

I tiakina i:
Ngā taipitopito rārangi puna kōrero
Kaituhi matua: Hesse, Hermann (autor)
Hōputu: Pukapuka
Reo:Pāniora
I whakaputaina: Santiago Argonauta 1995
Putanga:7a. ed
Ngā marau:
Ngā Tūtohu: Tāpirihia he Tūtohu
Kāore He Tūtohu, Me noho koe te mea tuatahi ki te tūtohu i tēnei pūkete!

MARC

LEADER 00000nam a2200000 a 4500
001 UCH4347
003 CL-VaPUC
008 090818e19950000CL |||||||||||||||||spa|d
082 0 4 |a 833  |b HES  |2 21 
100 |a Hesse, Hermann  |e autor  |9 546760 
245 1 0 |a Demian: historia de la juventud de Emil Sinclair 
250 |a 7a. ed 
300 |a 157 p 
942 |c BK 
945 |d 20090818 00:00:00  |a lazolas 
260 |a Santiago  |b Argonauta  |c 1995 
650 0 |a Novelas alemanas   |9 265783 
583 |a last modification  |c 20090818 00:00:00  |k Rodrigo Vera 
999 |c 335672  |d 335670